Нефтяные вяжущие материалы

Detalhes bibliográficos
Autor principal: Гуреев А. А. Алексей Андреевич
Corporate Authors: Российский государственный университет нефти и газа им. И. М. Губкина (РГУ Нефти и Газа), Лукойл
Resumo:В книге изложены основополагающие научные и технологические принципы создания нефтяных битумных материалов как типичных нефтяных дисперсных систем. В книге впервые в российской практике сделана попытка соединить в единый и непрерывный технологический процесс технологии производства и применения нефтяных дорожных вяжущих материалов. Сформулированы тенденции к решению этих проблем с учетом вопросов долговечности асфальтобетонных смесей на их основе и соответствия их качества требованиям потребителей (по сути -требованиям нормативных документов). Сделан акцент на принципах рационального производства, транспортировки и затаривания нефтяных дорожных вяжущих (в т.ч. модифицированных вяжущих и водобитумных эмульсий), приготовления и укладки асфальтобетонных смесей с учетом финансовых, экологических и маркетинговых тенденций. Проанализирована и обобщена история развития отечественного производства битумных материалов. Осуществлена попытка осмысления необходимых государственных и технологических решений по организации региональных битумных терминалов с целью создания в РФ автомобильной сети европейского уровня качества и повышения рентабельности всего битумного производства. Издание предназначено для специалистов и работников нефтяных компаний, учебных, научно-исследовательских и проектных организаций, связанных с технологиями производства и применения, логистики и маркетинга нефтяных вяжущих материалов, а также для магистрантов, аспирантов и докторантов технических и нефтегазовых университетов.
Idioma:russo
Publicado em: Москва, Недра, 2018
Assuntos:
Formato: MixedMaterials Livro
KOHA link:https://koha.lib.tpu.ru/cgi-bin/koha/opac-detail.pl?biblionumber=340924

MARC

LEADER 00000nam0a2200000 4500
001 340924
005 20231102005306.0
010 |a 9785836504847 
035 |a (RuTPU)RU\TPU\book\368011 
090 |a 340924 
100 |a 20180428d2018 k y0rusy50 ca 
101 0 |a rus 
102 |a RU 
105 |a a z 001zy 
200 1 |a Нефтяные вяжущие материалы  |f А. А. Гуреев  |g Российский государственный университет нефти и газа им. И. М. Губкина (РГУ Нефти и Газа) ; Лукойл 
210 |a Москва  |c Недра  |d 2018 
215 |a 239 с.  |c ил. 
320 |a Библиогр.: с. 234-236 
320 |a Термины и определения: с. 5-6 
320 |a Список сокращений: с. 7-8 
330 |a В книге изложены основополагающие научные и технологические принципы создания нефтяных битумных материалов как типичных нефтяных дисперсных систем. В книге впервые в российской практике сделана попытка соединить в единый и непрерывный технологический процесс технологии производства и применения нефтяных дорожных вяжущих материалов. Сформулированы тенденции к решению этих проблем с учетом вопросов долговечности асфальтобетонных смесей на их основе и соответствия их качества требованиям потребителей (по сути -требованиям нормативных документов). Сделан акцент на принципах рационального производства, транспортировки и затаривания нефтяных дорожных вяжущих (в т.ч. модифицированных вяжущих и водобитумных эмульсий), приготовления и укладки асфальтобетонных смесей с учетом финансовых, экологических и маркетинговых тенденций. Проанализирована и обобщена история развития отечественного производства битумных материалов. Осуществлена попытка осмысления необходимых государственных и технологических решений по организации региональных битумных терминалов с целью создания в РФ автомобильной сети европейского уровня качества и повышения рентабельности всего битумного производства. Издание предназначено для специалистов и работников нефтяных компаний, учебных, научно-исследовательских и проектных организаций, связанных с технологиями производства и применения, логистики и маркетинга нефтяных вяжущих материалов, а также для магистрантов, аспирантов и докторантов технических и нефтегазовых университетов. 
606 1 |a Битумы нефтяные  |x Производство  |x Механизация комплексная  |2 stltpush  |3 (RuTPU)RU\TPU\subj\34055  |9 56115 
610 1 |a битумные материалы 
610 1 |a структура 
610 1 |a групповой химический состав 
610 1 |a нефтяные битумные вяжущие 
610 1 |a физико-химические свойства 
610 1 |a эксплуатационные свойства 
610 1 |a термоокислительная стабильность 
610 1 |a старение 
610 1 |a дорожные битумы 
610 1 |a сырье 
610 1 |a окисленные битумы 
610 1 |a изготовление 
610 1 |a установки 
610 1 |a технологический расчет 
610 1 |a модифицирование 
610 1 |a водобитумные эмульсии 
675 |a 665.637.8  |v 4 
700 1 |a Гуреев  |b А. А.  |g Алексей Андреевич 
712 0 2 |a Российский государственный университет нефти и газа им. И. М. Губкина (РГУ Нефти и Газа)  |c (Москва)  |c (1998- )  |2 stltpush  |3 (RuTPU)RU\TPU\col\408 
712 0 2 |a Лукойл  |2 stltpush  |3 (RuTPU)RU\TPU\col\5142  |9 24061 
801 1 |a RU  |b 63413507  |c 20180428 
801 2 |a RU  |b 63413507  |c 20191118  |g RCR 
942 |c BK 
959 |a 3/20180221  |d 1  |e 1694,00  |f ЧЗТЛ:1 
959 |a 19/20191024  |d 1  |e 2200,00  |f УФ:1